|
|
|
|
| LEADER |
00582nam a2200169Ia 4500 |
| 008 |
121025s9999 xx 000 0 mal d |
| 020 |
|
|
|a 8182643120
|
| 082 |
|
|
|a 808.068
|b DAS/K M
|
| 100 |
|
|
|a Das, P N
|
| 245 |
|
|
|a Karunayilekkulla theerthaatanam /
|
| 260 |
|
|
|a Kozhikode :
|b Mathrubhumi books ,
|c 2006.
|
| 300 |
|
|
|a 141 p.
|
| 546 |
|
|
|a In Malayalam.
|
| 650 |
|
|
|a Children's literature
|
| 942 |
|
|
|c BK
|
| 999 |
|
|
|c 85554
|d 85554
|
| 952 |
|
|
|0 0
|1 0
|4 0
|6 808_068000000000000_DAS_K_M
|7 0
|9 85498
|a UL
|b UL
|c ST1
|d 2007-11-03
|e CUB
|l 4
|m 2
|o 808.068 DAS/K M
|p 81262
|q 2022-01-15
|r 2021-12-16
|s 2021-12-16
|v 75.00
|y BK
|